| 000 | 01192cam a2200205 4500 | ||
|---|---|---|---|
| 001 | WB@3612-444 | ||
| 008 | 040720n2004 000 0 eng u | ||
| 035 | _a(Sirsi) u126850 | ||
| 245 | _aHouse prices slowed by interest rates | ||
| 260 | _c2004 | ||
| 490 |
_aRICS Press Release _v(pr069) 20 July 2004 (2) |
||
| 520 | _aAccording to the latest "RICS housing market survey of Great Britain", average house price inflation slowed in the three months to June 2004 to the slowest pace in 10 months. This is due in part to interest rate rises and the Bank of England's recent warnings over market prospects. The number of new properties coming onto the market and the amount of unsold properties on estate agents' books both showed a moderate increase. The report can be viewed at: http://www.rics.org/ricscms/bin/show?class=MarketS urvey&template=/includes/showmarketsurvey.html&id= 95&faculty=RICS. http://www.rics.org/ricscms/bin/show?class=PressRe lease&template=/includes/showpr.html&id=1205&facul ty=RICS | ||
| 590 | _aWB | ||
| 590 | _aWB | ||
| 650 | _aINTEREST RATES | ||
| 650 | _aPROPERTY PRICES | ||
| 650 | _aHOUSING SURVEYS | ||
| 690 | _aHOUSING-HOUSE PRICES | ||
| 942 | _n0 | ||
| 999 |
_c117733 _d117733 |
||